| 000 | 01975cam a22004934i 4500 | ||
|---|---|---|---|
| 003 | PE-LiUPU | ||
| 005 | 20250731184529.0 | ||
| 008 | 150623s r 000 0 d | ||
| 035 | _a(Sirsi) a21282 | ||
| 040 |
_aPE-LiUPU _bspa _cPE-LiUPU _erda |
||
| 082 | 0 | 4 |
_a939.4 _bE33 _221 |
| 245 | 0 | 0 |
_aEblaitica : _bessays on the Ebla archives and Eblaite language / _ceditado por Cyrus H. Gordon, Gary A. Rendsburg, Nathan H. Winter. |
| 264 | 1 |
_aWinona Like, Indiana : _bEisenbrauns, _c1987. |
|
| 300 |
_a145 páginas : _bilustraciones láms. ; _c26 cm. |
||
| 336 |
_atext _2rdacontent |
||
| 337 |
_aunmediated _2rdamedia |
||
| 338 |
_avolume _2rdacarrier |
||
| 490 | 0 | _aPublications of the Center for Ebla reasearch at New York University | |
| 504 | _aIncluye bibliografía. | ||
| 505 | 0 | _aEbla and Eblaite. -Eblaitica. -WM- in Nehemiah 5:11. -Eblaite U-MA and Hebrew WM- . -Ebla and Dilmun. -Reflections on the system of weights from Ebla. -The "Sign-list" from Ebla. -Gifts for a Princes. -More on Ebla and Kish. -The lugal of Mari at Ebla and the Sumerian King list. | |
| 526 | _aP136 | ||
| 526 | _aP135 | ||
| 526 | _aP134 | ||
| 526 | _aP133 | ||
| 526 | _aP144 | ||
| 526 | _aP143 | ||
| 526 | _aP87 | ||
| 526 | _aP35 | ||
| 526 | _aP20 | ||
| 526 | _aP14 | ||
| 526 | _aP10 | ||
| 526 | _aP06 | ||
| 650 | 0 | 4 |
_aTablillas para escribir _zEbla (Ciudad desaparecida). |
| 650 | 0 | 4 | _aLengua Eblaita. |
| 650 | 0 | 4 | _aEbla (Ciudad desaparecida). |
| 700 | 1 |
_aGordon, Cyrus H., _eed. |
|
| 700 | 1 |
_aRendsburg, Gary A., _eed. |
|
| 700 | 1 |
_aWinter, Nathan H., _eed. |
|
| 942 |
_2ddc _cBOOK |
||
| 949 |
_a939.4 E33 _wDEWEY _c1 _i44851 _lCCODEBUL1 _mBUL _p00.00 _r0 _sY _tBOOK _u2015-06-24 _xTEOLOGIA _PP35 _0COMPRA _o.STAFF. Colección General |
||
| 596 | _a1 | ||
| 999 |
_a939.4 E33 _wDEWEY _c21725 _i44851 _f2021-11-11 _g5 _lCCODEBUL1 _mBUL _r0 _sY _tBOOK _u2015-6-24 _xTEOLOGIA _PP35 _0COMPRA _o.STAFF. Colección General _d21725 |
||
| 980 |
_81 _gALBERTO SANCHEZ Responsable de Automatización |
||